ConIFA members by flag (regions and unrecognized countries) - Statistics

General Stats
  • This quiz has been taken 52 times
  • The average score is 27 of 67
Answer Stats
Picture Answer % Correct
Artsakh / Nagorno-Karabakh (Armenians in Azerbaijan de jure)
81%
Ellan Vannin / Isle of Man (UK)
81%
Greenland (Denmark)
81%
Northern Cyprus (Turks in Cyprus de jure)
81%
Transnistria (de jure Moldova)
81%
Kiribati
77%
United Koreans in Japan
77%
Abkhazia (de jure Georgia)
74%
Somaliland (de jure Somalia)
74%
Zanzibar (Tanzania)
74%
Hawaii (USA)
72%
Tibet (China)
72%
Western Sahara (illegally Morocco)
72%
Quebec (Canada)
70%
Sardinia (Italy)
70%
South Ossetia (de jure Georgia)
70%
Tuvalu
70%
Kurdistan (Kurds in Iraq)
67%
Sicily (Italy)
67%
Catalonia (Spain) [not in ConIFA]
65%
Monaco
65%
Parishes of Jersey (UK)
60%
Cornwall (UK)
49%
Donetsk People's Republic (de jure Ukraine)
49%
Luhansk People's Republic (de jure Ukraine)
49%
Crimea (de jure Ukraine, de facto Russia)
47%
Rapa Nui / Easter Island (Chile)
47%
East Turkestan (Uyghurs in China)
44%
Occitania (Southern France)
44%
Sápmi (Sámi people in Norway and Sweden)
44%
Padania (Northern Italy)
37%
Romani people
37%
Cascadia (Oregon, Washington, British Columbia)
33%
West Papua (Indonesia)
33%
Australian First Nations Mariya (Aboriginals in Australia)
30%
Darfur (Sudan)
28%
Yorkshire (UK)
28%
Biafra (Igbos in Nigeria)
26%
Ryukyu (Japan)
23%
Two Sicilies (Southern Italy and Sicily)
23%
Kabylia (Kabyle Berbers in Algeria)
21%
Chagos Islands (exiled Chagossians from British Indian Ocean Territory)
19%
Franconia (Germany)
19%
Mapuche (indigenous Mapuche people in Chile)
19%
Szekely Land (Hungarians in Romania)
19%
Chameria (Cham Albanians in Greece)
16%
County of Nice (France)
16%
Raetia (Romansh people in Grisons, Switzerland)
16%
Skåneland / Scania (Sweden)
16%
Western Armenia (Armenians in Turkey)
16%
Arameans Suryoye (Syriac-Arameans in the Middle East)
14%
Karen (Karen people in Myanmar)
14%
Kárpátalja (Hungarians in Zakarpattia, Ukraine) [Zakarpattia flag]
14%
Lezgians (Lezgins in Russian Dagestan)
14%
Matabeleland (Zimbabwe)
14%
Panjab (Pakistan, India)
14%
Barawa (Somali diaspora in England) [Ogaden flag]
12%
Felvidék / Upper Hungary (Hungarians in Slovakia)
12%
Gozo (Northern island of Malta) [not in ConIFA]
12%
Kuskatan (Nahuas in El Salvador)
12%
Provence (Southern France) [not in ConIFA]
12%
Rohingya (Rohingya people in Myanmar)
12%
Tamil Eelam (Tamils in Sri Lanka)
12%
Yoruba (Yoruba people in Nigeria)
12%
Barotseland (Lozi people in Zambia and more)
9%
Délvidék / Southern Land (Hungarians in Vojvodina, Serbia) [placeholder flag from Osijek-Baranja County, Croatia]
9%
Lazistan (Kartvelian Laz people in Turkey)
7%
No matching quizzes found
Score Distribution
Percent of People with Each Score
Percentile by Number Answered
Your Score History
You have not taken this quiz